日本の旅客列車の全形式 - Statistics

General Stats
  • This quiz has been taken 145 times
    37 since last reset
  • The average score is 193 of 571
Answer Stats
形式 保有社 % Correct
10 京都市交、江ノ電
91%
100 リニモ、近江鉄道、とさでん、ディズニーリゾート、東武、名鉄、鹿児島市交、広電
91%
20 京都市交、江ノ電
91%
30 函館市交
91%
7 とさでん
91%
80 大阪メトロ
91%
1000 阪急、阪神、神鉄、神戸新交通、ゆいレール、あおなみ線、大モノ、京王、京阪、千葉都市モノレール、山万、水間、多摩都市モノレール、横浜シーサイドライン、一畑電車、熊本電鉄、長野電鉄、とさでん、東京モノレール、北九州モノレール、遠鉄、JR四、京急、東急、小田急、東メト、近鉄、南海、鹿児島市交、福島交通、上田電鉄、黒部峡谷、江ノ電、富士山麓、広電
88%
200 伊賀鉄道、とさでん、東武、名鉄、広電、大阪メトロ、三岐
88%
2000 阪急、神鉄、神戸新交通、愛環、大モノ、埼玉新都市交通、名市交、横浜シーサイドライン、長野電鉄、とさでん、東京モノレール、遠鉄、JR四、小田急、西武、東メト、近鉄、名鉄、南海、函館市交、仙台市交、銚子電鉄、埼玉高速鉄道、東葉高速、江ノ電、京王
88%
23 大阪メトロ
88%
800 近江鉄道、京阪、とさでん、JR九、函館市交、上毛、叡山、広電
88%
8000 阪急、阪神、北急、伊豆急、京王、京阪、相鉄、北鉄、JR四、小田急、東武、東メト、南海、札幌市交、函館市交、富山地鉄、鹿島臨海、富士山麓、岳南、一畑
88%
AN-2000 秋田内陸縦貫
88%
0 千葉都市モノレール
84%
21 大阪メトロ
84%
22 大阪メトロ
84%
25 大阪メトロ
84%
300 近江鉄道、長崎電鉄、名鉄、江ノ電
84%
3000 山陽、神鉄、神戸新交通、大モノ、伊豆急、南海、京阪、西鉄、伊予鉄、アルピコ、一畑電車、長野電鉄、とさでん、岡電、長崎電鉄、東急、小田急、京成、南海、函館市交、仙台市交、横浜市交、福岡市交、銚子電鉄、伊豆箱根、筑鉄、広電
84%
50 JR九、京都市交、真岡
84%
70 大阪メトロ
84%
900 近江鉄道、叡山、広電
84%
10000 京阪、相鉄、東京モノレール、東武、西武、東メト、南海、横浜市交
81%
12 JR東、秩父
81%
30000 小田急、東武、西武、近鉄、南海、大阪メトロ
81%
400 平成筑豊、大阪メトロ
81%
4000 小田急、西武、名鉄、横浜市交、福岡市交
81%
500 平成筑豊、長崎電鉄、JR西、東武、函館市交、鹿児島市交、江ノ電
81%
60 JR東、大井川
81%
700 京阪、伊予鉄、とさでん、JR西、上毛、叡山、ことでん、広電
81%
80000 京成、近鉄
81%
20000 相鉄、東武、西武、近鉄
78%
5000 阪急、南海、山陽、神戸市交、神鉄、流鉄、京王、西鉄、湘南モノレール、長崎電鉄、JR四、東急、小田急、名鉄、札幌市交、熊本市交、秩父、筑鉄、広電、三岐
78%
50000 東武、近鉄、南海
78%
600 養老鉄道、京阪、西鉄、とさでん、長崎電鉄、京急、鹿児島市交、ことでん、広電
78%
6000 阪急、山陽、神戸市交、神鉄、のせでん、京阪、西鉄、名市交、熊本電鉄、長崎電鉄、JR四、東急、西武、名鉄、南海、上田電鉄、鹿島臨海、秩父、富士山麓、大井川
78%
7000 阪急、アストラムライン、京王、京阪、西鉄、南海、名市交、一畑電車、弘南鉄道、岡電、北鉄、JR四、東急、近鉄、函館市交、鹿児島市交、富山地鉄、伊豆箱根、岳南、伊予鉄
78%
9000 阪急、阪神、北急、京王、京阪、西鉄、相鉄、東急、東武、西武、東メト、近鉄、南海、札幌市交、富山地鉄、岳南
78%
E2 JR東
78%
40000 西武
75%
70-000 TWR
75%
70000 小田急、東武
75%
E3 JR東
75%
E5 JR東
75%
E7 JR東
75%
117 JR西
72%
14 JR北
72%
35 JR西
72%
E231 JR東
72%
E6 JR東
72%
01 熊本電鉄
69%
1300 阪急、神鉄、長崎電鉄、伊豆箱根、ことでん
69%
1500 長崎電鉄、JR四、京急
69%
211 長崎電鉄、JR海、JR東
69%
221 JR西
69%
225 JR西
69%
227 JR西
69%
24 大阪メトロ
69%
315 JR海
69%
60000 小田急、東武
69%
E235 JR東
69%
03 東メト、北鉄、熊本電鉄
66%
101 西武、三岐
66%
1100 神鉄、札幌市交、ことでん
66%
115 しな鉄、JR西
66%
123 JR西
66%
210 札幌市交
66%
223 JR西
66%
250 札幌市交
66%
313 JR海
66%
320 とさでん
66%
350 広電
66%
E233 JR東
66%
E8 JR東
66%
05 東メト
63%
07 東メト
63%
1200 長崎電鉄、JR四、近鉄、名鉄、熊本市交、富士山麓、ことでん
63%
160 長崎電鉄
63%
2100 伊豆急、一畑電車、長野電鉄、京急、鹿児島市交
63%
213 JR西、JR海
63%
220 札幌市交
63%
2300 阪急、南海
63%
3500 長野電鉄、京成、名鉄、芝山
63%
750 広電
63%
08 東メト
59%
103 JR九、JR西
59%
113 JR西
59%
1700 のせでん、長崎電鉄
59%
205 JR西、JR東
59%
260 四日市あすなろう
59%
270 三岐
59%
283 JR西
59%
285 JR西、JR海
59%
289 JR西
59%
3200 近鉄
59%
3300 阪急、名鉄、札幌市交
59%
6500 神鉄、名鉄、都営
59%
681 JR西
59%
683 JR西
59%
710 函館市交
59%
7500 ゆりかもめ、岡電、鹿児島市交、秩父、北総
59%
8500 長野電鉄、西武、札幌市交、熊本市交、富士山麓
59%
910 とさでん
59%
N700 JR九、JR西、JR海
59%
105 JR西
56%
125 JR西
56%
15000 東メト
56%
1800 長崎電鉄、名鉄、豊橋鉄道
56%
201 長崎電鉄
56%
207 JR西
56%
209 JR東
56%
2200 京阪、名鉄、南海
56%
2500 黒部峡谷
56%
2600 京阪、JR四
56%
2700 JR四、土佐くろしお
56%
2800 近鉄
56%
287 JR西
56%
360 長崎電鉄
56%
370 長崎電鉄
56%
キハ40 JR北、JR東、JR西、JR四、JR九、道南いさりび、小湊鉄道、北条鉄道、錦川鉄道
56%
66 大阪メトロ
56%
7100 岡電、南海
56%
E531 JR東
56%
E653 JR東
56%
N700S JR九、JR西、JR海
56%
キハ11 JR海、ひたちなか、東海交通事業、
53%
1400 近鉄
53%
16000 東メト、近鉄、大井川
53%
240 札幌市交
53%
281 JR西
53%
3100 京成、名鉄、黒部峡谷、広電
53%
3600 京成
53%
3700 京成、名鉄、広電
53%
6300 阪急、南海、都営
53%
721 JR北
53%
880 福鉄
53%
9100 名鉄
53%
E131 JR東
53%
E657 JR東
53%
12-000 都営
50%
12000 相鉄、南海
50%
13000 京阪、東メト
50%
2400 京阪、熊本市交
50%
321 JR西
50%
323 JR西
50%
3400 京成
50%
521 あいの風、ハピふく、IRいしかわ、JR西
50%
620 養老鉄道
50%
701 JR東
50%
7200 のせでん、京阪、岡電、JR四、大井川
50%
77 JR九
50%
770 福鉄
50%
8300 阪急、南海
50%
9200 岡電、近鉄、熊本市交
50%
9300 阪急、阪神、南海
50%
9500 名鉄、鹿児島市交
50%
17000 東メト
47%
18000 東メト
47%
1900 広電
47%
21000 相鉄、近鉄、大井川
47%
23000 近鉄
47%
271 JR西
47%
273 JR西
47%
383 JR海
47%
5200 近鉄、広電
47%
5500 阪神、都営
47%
610 伊予鉄
47%
7300 阪急、ゆりかもめ、岡電、北総
47%
7700 養老鉄道、岡電、北鉄
47%
811 JR九
47%
813 JR九
47%
815 JR九
47%
820 近江鉄道
47%
87 JR西、長崎電鉄
47%
8800 京成、近鉄、熊本市交
47%
883 JR九
47%
885 JR九
47%
AN-8800 秋田内陸縦貫
47%
E129 JR東
47%
E257 JR東
47%
E259 JR東
47%
E261 JR東
47%
E655 JR東
47%
E721 JR東
47%
W7 JR西
47%
キハ100 JR東
44%
キハ110 JR東
44%
11000 相鉄、南海
44%
キハ120 JR西
44%
キハ20 ひたちなか、いすみ
44%
305 JR九
44%
6600 近鉄
44%
6800 名鉄
44%
731 JR北
44%
733 JR北
44%
735 JR北
44%
737 JR北
44%
817 JR九
44%
8200 阪急、熊本市交
44%
821 JR九
44%
E127 JR東
44%
E501 JR東
44%
N10 南海
44%
N100 東武
44%
N700A JR海
44%
001 西武
41%
1021 近鉄
41%
22000 近鉄、銚子電鉄
41%
26000 近鉄
41%
303 JR九
41%
373 JR海
41%
381 JR西
41%
5050 名市交、東急
41%
5300 阪急
41%
6200 近鉄、南海
41%
6400 近鉄
41%
7800 秩父、北総
41%
783 JR九
41%
787 JR九
41%
7900 岡電
41%
8400 近鉄
41%
8600 JR四、近鉄
41%
8900 京成
41%
AN-8900 秋田内陸縦貫
41%
Y500 横浜高速鉄道
41%
1010 近鉄
38%
1026 近鉄
38%
1050 埼玉新都市交通
38%
1220 近鉄
38%
1240 近鉄
38%
キハ25 JR海
38%
キハ30 水島臨海
38%
31000 南海
38%
3800 広電
38%
3900 広電
38%
510 JR北
38%
5100 阪急、のせでん、広電
38%
7400 岡電
38%
キハ75 JR海
38%
7600 岡電
38%
785 JR北
38%
789 JR北
38%
8100 阿武隈急行、函館市交
38%
E353 JR東
38%
1001 阪堺
34%
1230 近鉄
34%
1233 近鉄
34%
キハ283 JR北
34%
413 あいの風、えちトキ
34%
415 JR九
34%
キハ54 JR北、JR四
34%
5800 近鉄
34%
713 JR九
34%
9600 函館市交
34%
9700 鹿児島市交
34%
AE 京成
34%
HC85 JR海
34%
HOT7000 智頭急
34%
1031 近鉄
31%
1420 近鉄
31%
1422 近鉄
31%
1430 近鉄
31%
1435 近鉄
31%
1620 近鉄
31%
16200 近鉄
31%
キハ185 JR九、JR四
31%
21020 近鉄
31%
キハ261 JR北
31%
570 広電
31%
5700 阪神
31%
590 とさでん
31%
6020 東急、近鉄
31%
71-000 TWR
31%
719 JR東
31%
801 三岐
31%
H100 JR北
31%
H5 JR北
31%
N1000 名市交
31%
TX-1000 TX
31%
TX-2000 TX
31%
TX-3000 TX
31%
1201 近鉄
28%
1253 近鉄
28%
キハ127 JR西
28%
1436 近鉄
28%
1437 近鉄
28%
1440 近鉄
28%
キハ150 JR北
28%
16400 近鉄
28%
キハ187 JR西
28%
キハ201 JR北
28%
3150 名鉄
28%
キハ32 JR四
28%
9020 東急、近鉄
28%
N3000 名市交
28%
キハ121 JR西
25%
12410 近鉄
25%
1249 近鉄
25%
1252 近鉄
25%
1254 近鉄
25%
1259 近鉄
25%
12-600 都営
25%
12600 近鉄
25%
15200 近鉄
25%
15400 近鉄
25%
16600 近鉄
25%
1810 近鉄
25%
キハ183 JR九
25%
キハ189 JR西
25%
キハ200 小湊鉄道、JR九
25%
202 長崎電鉄
25%
2120 鹿児島市交
25%
2410 近鉄
25%
2430 近鉄
25%
2610 近鉄
25%
36-100 三陸鉄道
25%
36-200 三陸鉄道
25%
6050 西鉄、名市交、東武、野岩
25%
キハ66 JR九
25%
キハE130 JR東
25%
E751 JR東
25%
ET127 えちトキ
25%
HK100 北越急行
25%
L えち鉄
25%
N800 京成
25%
1070 ことでん
22%
1080 熊本市交、ことでん
22%
1090 熊本市交
22%
12400 近鉄
22%
キハ140 JR九
22%
1A 近鉄
22%
2110 鹿児島市交
22%
2444 近鉄
22%
3220 近鉄
22%
36-700 三陸鉄道
22%
キハ37 水島臨海
22%
キハ38 水島臨海
22%
5080 東急
22%
キハ71 JR九
22%
キハ72 JR九
22%
8A 近鉄
22%
9820 近鉄
22%
A3000 静鉄
22%
IGR7000 IGRいわて
22%
N20 南海
22%
Y000 横浜高速鉄道
22%
YC1 JR九
22%
1060 熊本市交
19%
1150 広電
19%
キハ122 JR西
19%
キハ125 JR九
19%
キハ126 JR西
19%
16010 近鉄、富山地鉄
19%
19200 近鉄
19%
2013 近鉄
19%
2020 神戸新交通、埼玉新都市交通、東急
19%
2050 近鉄
19%
2130 鹿児島市交
19%
2140 鹿児島市交
19%
2230 南海
19%
22600 近鉄
19%
3050 山陽、名市交
19%
455 えちトキ
19%
5001 阪神
19%
5550 阪神
19%
6407 近鉄
19%
6413 近鉄
19%
7020 南海、近鉄
19%
851 三岐
19%
8810 近鉄
19%
AT-750 会津鉄道
19%
E001 JR東
19%
キハE120 JR東
19%
GV-E400 JR東
19%
HB-E220 JR東
19%
HB-E300 JR東
19%
KTR700 丹鉄
19%
KTR800 丹鉄
19%
KTR8500 丹鉄
19%
SR1 しな鉄
19%
10030 富山地鉄
16%
10-300 都営
16%
1350 熊本市交
16%
キハ141 JR北
16%
20100 アルピコ
16%
30000A 大阪メトロ
16%
3020 東急
16%
3950 広電
16%
5030 山陽
16%
5820 近鉄
16%
634 東武
16%
6419 近鉄
16%
6422 近鉄
16%
6432 近鉄
16%
6820 近鉄
16%
青い森701 青い森鉄道
16%
青い森703 青い森鉄道
16%
7050 西鉄
16%
751 三岐
16%
8510 札幌市交
16%
8520 札幌市交
16%
AT-350 会津鉄道
16%
AT400 会津鉄道
16%
AT-650 会津鉄道
16%
AT-700 会津鉄道
16%
BEC819 JR九
16%
ET122 えちトキ
16%
EV-E301 JR東
16%
EV-E801 JR東
16%
HB-E210 JR東
16%
HOT3500 智頭急
16%
KTR001 丹鉄
16%
KTR8000 丹鉄
16%
SAT721 仙台空港
16%
T100 富山地鉄
16%
キハ0 関東鉄道
13%
モボ1 京福
13%
アケチ10 明知鉄道
13%
モボ101 京福
13%
1101 阪堺
13%
モオカ14 真岡
13%
14760 富山地鉄
13%
17480 富山地鉄
13%
198 とさでん
13%
キハ2000 関東鉄道
13%
2000N 福岡市交
13%
20020 富山地鉄
13%
モボ21 京福
13%
キハ2100 関東鉄道
13%
キハ2200 関東鉄道
13%
2270 和歌山電鐵
13%
キハ2300 関東鉄道
13%
キハ2400 関東鉄道
13%
キハ310 関東鉄道
13%
キハ3710 ひたちなか
13%
キハ5000 関東鉄道
13%
キハ5010 関東鉄道
13%
キハ5020 関東鉄道
13%
5209 近鉄
13%
5211 近鉄
13%
ナガラ600 長良川鉄道
13%
6620 近鉄
13%
AB900 阿武隈急行
13%
AT-600 会津鉄道
13%
キハE200 JR東
13%
F2000 福鉄
13%
MR-400 松浦鉄道
13%
MR-500 松浦鉄道
13%
NT200 のと鉄
13%
NT300 のと鉄
13%
TH2100 天竜浜名湖
13%
イセⅢ 伊勢鉄道
9%
黒部峡谷
9%
0600 富山地鉄
9%
コ-1 四国ケーブル
9%
アケチ100 明知鉄道
9%
デハ100 上毛
9%
1000N 仙台市交、福岡市交
9%
コ11 近鉄
9%
コ15 近鉄
9%
フラワ2000 北条鉄道
9%
モボ2001 京福
9%
津軽21 津軽鉄道
9%
キハ2500 島原鉄道
9%
いすみ300 いすみ
9%
ナガラ300 長良川鉄道
9%
ミキ300 ひたちなか
9%
モボ301 京福
9%
いすみ350 いすみ
9%
36-R 三陸鉄道
9%
キハ37100 ひたちなか
9%
モハ50 伊予鉄
9%
ナガラ500 長良川鉄道
9%
モボ501 京福
9%
キハ532 関東鉄道
9%
モボ621 京福
9%
モボ631 京福
9%
わ89-310 わたらせ
9%
AR300 甘木鉄道
9%
AT-500 会津鉄道
9%
AT-550 会津鉄道
9%
DEC700 JR西
9%
F10 福鉄
9%
F1000 福島交通
9%
HSOR-100 肥薩おれんじ
9%
HSOR-150 肥薩おれんじ
9%
IRT355 井原鉄道
9%
MC5001 えち鉄
9%
MC6001 えち鉄
9%
MC7000 えち鉄
9%
MC8000 えち鉄
9%
MF100 丹鉄
9%
MR-600 松浦鉄道
9%
MRT300 水島臨海
9%
MT-3000 南阿蘇鉄道
9%
MT-4000 南阿蘇鉄道
9%
SKR310 信楽高原
9%
SKR400 信楽高原
9%
SKR500 信楽高原
9%
T1000 豊橋鉄道
9%
WKT-500 わたらせ
9%
WKT-510 わたらせ
9%
WKT-520 わたらせ
9%
WKT-550 わたらせ
9%
0800 熊本市交
6%
キテツ1 紀州鉄道
6%
ハ1 伊予鉄
6%
クハ100 小湊鉄道
6%
1200A 長崎電鉄
6%
1500A 長崎電鉄
6%
モ161 阪堺
6%
クハ175 富山地鉄
6%
モハ2000 伊予鉄
6%
モハ2100 伊予鉄
6%
キハ2550 島原鉄道
6%
ハイモ295-310 樽見鉄道
6%
ハイモ295-510 樽見鉄道
6%
ハイモ295-610 樽見鉄道
6%
2R JR九
6%
コ3 近鉄
6%
3000A 福岡市交
6%
ハ31 伊予鉄
6%
モ3200 豊橋鉄道
6%
オハフ33 津軽鉄道
6%
ハイモ330-700 樽見鉄道
6%
オハ35 大井川
6%
モ3500 豊橋鉄道
6%
モ351 阪堺
6%
36-Z 三陸鉄道
6%
オハ46 津軽鉄道
6%
モハ5000 伊予鉄
6%
モ501 阪堺
6%
モ601 阪堺
6%
トラ700 南阿蘇鉄道
6%
モ701 阪堺
6%
デ7070 万葉線
6%
モ780 豊橋鉄道
6%
モ800 豊橋鉄道
6%
わ99 わたらせ
6%
A1200 札幌市交
6%
AR400 甘木鉄道
6%
KR205 紀州鉄道
6%
KR301 紀州鉄道
6%
KTR300 丹鉄
6%
NT3000 錦川鉄道
6%
SK100 嵯峨野観光
6%
TH9200 天竜浜名湖
6%
TORA200 南阿蘇鉄道
6%
WT3000 若桜鉄道
6%
WT3300 若桜鉄道
6%
YR-2000 由利高原
6%
YR-3000 由利高原
6%
YR-880 山形鉄道
6%
京福
3%
ハテ100 小湊鉄道
3%
ハフ100 小湊鉄道
3%
ナハフ1200 津軽鉄道
3%
2000A 神戸新交通
3%
スハ43 JR東、大井川
3%
モボ611 京福
3%
トラ70000 平成筑豊
3%
HU300 宇都宮LRT
3%
KT-500 くま川鉄道
3%
MLRV1000 万葉線
3%
TKT-8000 土佐くろしお
3%
セイカン1 青函トンネル記念館
0%
キクハ32 JR四
0%
スハ32 JR東
0%
スハシ44 JR北
0%
スイテ82 大井川
0%
牛若號IV 鞍馬山ケーブル
0%
No matching quizzes found
Score Distribution
Percent of People with Each Score
Percentile by Number Answered
Your Score History
You have not taken this quiz since the last reset